| 000 | 03244 a2200361 4500 | ||
|---|---|---|---|
| 003 | Nust | ||
| 005 | 20170207154052.0 | ||
| 020 | _a978-0-470-47374-0 | ||
| 020 | _a978-0-470-47374-0 | ||
| 035 | _a(AU-PeEL)EBL427871 | ||
| 035 | _a(OCoLC)476271196 | ||
| 040 | _cNust | ||
| 082 | 0 | 0 |
_a332.6 _a332.60973 |
| 100 | 1 | _aMatthew Tuttle | |
| 245 | 1 | 0 |
_aHow Harvard and Yale Beat the Market : What Individual Investors Can Learn From the Investment Strategies of the Most Successful University Endowments.(E-Book) _h[Elektronisk resurs] : _cMatthew Tuttle |
| 260 |
_aHoboken : _bJohn Wiley & Sons, Inc., _c2009. |
||
| 300 | _a1 online resource (291 p.) | ||
| 500 | _aDescription based upon print version of record. | ||
| 505 | 0 | _aChapter 20: Putting It All TogetherChapter 21: Putting It in Writing; Final Thoughts; Appendix; About the Author; Index; | |
| 505 | 0 | _aChapter 7: Mutual Funds, Separately Managed Accounts, Exchange-Traded Funds, and Exchange-Traded NotesChapter 8: Structured Products; Chapter 9: Hedge Funds and Funds of Funds; Part III: ENDOWMENT ASSET CLASSES AND INVESTING STRATEGIES; Chapter 10: Absolute Return; Chapter 11: Stocks; Chapter 12: Bonds; Chapter 13: Real Assets and Commodities; Chapter 14: Managed Futures; Chapter 15: Private Equity; Chapter 16: Managing Some of Your Money In-House; Chapter 17: Portable Alpha; Part IV: DESIGNING YOUR PORTFOLIO; Chapter 18: Suggested Allocations; Chapter 19: Choosing and Managing Money Managers | |
| 505 | 0 | _aHow Harvard and Yale Beat the Market: What Individual Investors Can Learn from University Endowments to Help them Prosper in an Uncertain Market; Contents; Acknowledgments; Introduction; Part I: INVESTMENT 101; Chapter 1: The Current Environment and the Need for New Thinking; Chapter 2: Common Investment Mistakes; Chapter 3: Diversification; Chapter 4: Skill-Based Money Managers versus Style Box-Based Money Managers; Chapter 5: Introduction to the Endowment Philosophy; Chapter 6: Why Large Endowments Outperform the Market and How You Can, Too!; Part II: INVESTMENT VEHICLES | |
| 520 | _a Praise for How Harvard and Yale Beat the Market "How Harvard and Yale Beat the Market is a must-read for anyone managing his own or other people's money. It demystifies new investments such as hedge funds and principal-protected products. This engaging handbook belongs in every investor's library."-Deborah Weir, Parker Global Strategies, author of Timing the Market: How to Profit in the Stock Market Using the Yield Curve, Technical Analysis, and Cultural Indicators In today's volatile market, investors are looking for new ways to lower their risk profile. For author Matthew Tuttle, the best | ||
| 650 | 4 | _aHarvard University -- Endowments. | |
| 650 | 4 | _aInstitutional investments -- United States. | |
| 650 | 4 | _aInstitutional investments. | |
| 650 | 4 | _aInvestments -- United States. | |
| 650 | 4 | _aInvestments. | |
| 650 | 4 | _aPortfolio management -- United States. | |
| 650 | 4 | _aPortfolio management. | |
| 650 | 4 | _aYale University -- Endowments. | |
| 651 | _aHow Harvard and Yale Beat the Market : What Individual Investors Can Learn From the Investment Strategies of the Most Successful University Endowments.(E-Book) | ||
| 655 | 0 | _aElectronic books. | |
| 942 |
_2ddc _cBK |
||
| 999 |
_c193174 _d193174 |
||